<?xml version="1.0" encoding="UTF-8"?>
<record
    xmlns:xsi="http://www.w3.org/2001/XMLSchema-instance"
    xsi:schemaLocation="http://www.loc.gov/MARC21/slim http://www.loc.gov/standards/marcxml/schema/MARC21slim.xsd"
    xmlns="http://www.loc.gov/MARC21/slim">

  <leader>00418nam a2200157Ia 4500</leader>
  <controlfield tag="008">220603s9999    xx            000 0 und d</controlfield>
  <datafield tag="082" ind1=" " ind2=" ">
    <subfield code="a">610.73677</subfield>
    <subfield code="b">WIL/HOP</subfield>
  </datafield>
  <datafield tag="100" ind1=" " ind2=" ">
    <subfield code="a">Williams Linda &amp; Hopper Paula</subfield>
    <subfield code="9">92859</subfield>
  </datafield>
  <datafield tag="245" ind1=" " ind2=" ">
    <subfield code="a">Understanding Medical Surgical Nursing</subfield>
  </datafield>
  <datafield tag="250" ind1=" " ind2=" ">
    <subfield code="a">4th ed</subfield>
  </datafield>
  <datafield tag="260" ind1=" " ind2=" ">
    <subfield code="a">New Delhi</subfield>
    <subfield code="b">Jaypee Brothers</subfield>
    <subfield code="c">2012</subfield>
  </datafield>
  <datafield tag="300" ind1=" " ind2=" ">
    <subfield code="a">1459p</subfield>
  </datafield>
  <datafield tag="365" ind1=" " ind2=" ">
    <subfield code="b">Rs.</subfield>
  </datafield>
  <datafield tag="542" ind1=" " ind2=" ">
    <subfield code="b">BSC</subfield>
  </datafield>
  <datafield tag="999" ind1=" " ind2=" ">
    <subfield code="c">56853</subfield>
    <subfield code="d">56853</subfield>
  </datafield>
  <datafield tag="952" ind1=" " ind2=" ">
    <subfield code="0">0</subfield>
    <subfield code="1">0</subfield>
    <subfield code="4">0</subfield>
    <subfield code="7">0</subfield>
    <subfield code="a">BTIN</subfield>
    <subfield code="b">BTIN</subfield>
    <subfield code="d">1901-01-01</subfield>
    <subfield code="e">Magna Publishing Company Ltd.</subfield>
    <subfield code="i">3646</subfield>
    <subfield code="l">0</subfield>
    <subfield code="p">BTIN-CD-297</subfield>
    <subfield code="r">2022-08-10 00:00:00</subfield>
    <subfield code="w">2012-11-29</subfield>
    <subfield code="y">CD</subfield>
    <subfield code="z">CD000297</subfield>
  </datafield>
  <datafield tag="952" ind1=" " ind2=" ">
    <subfield code="0">0</subfield>
    <subfield code="1">0</subfield>
    <subfield code="4">0</subfield>
    <subfield code="7">0</subfield>
    <subfield code="a">BTIN</subfield>
    <subfield code="b">BTIN</subfield>
    <subfield code="d">1901-01-01</subfield>
    <subfield code="e">Jaypee Brothers Medical Publishers</subfield>
    <subfield code="i">3646</subfield>
    <subfield code="l">0</subfield>
    <subfield code="p">BTIN-CD-290</subfield>
    <subfield code="r">2022-08-10 00:00:00</subfield>
    <subfield code="w">2012-11-29</subfield>
    <subfield code="y">CD</subfield>
    <subfield code="z">CD000290</subfield>
  </datafield>
  <datafield tag="952" ind1=" " ind2=" ">
    <subfield code="0">0</subfield>
    <subfield code="1">0</subfield>
    <subfield code="4">0</subfield>
    <subfield code="7">0</subfield>
    <subfield code="a">BTIN</subfield>
    <subfield code="b">BTIN</subfield>
    <subfield code="d">2018-11-02</subfield>
    <subfield code="e">Rotary Club</subfield>
    <subfield code="i">3646</subfield>
    <subfield code="l">0</subfield>
    <subfield code="o">610.7361 WIL CD0381</subfield>
    <subfield code="p">BTIN-CD-381</subfield>
    <subfield code="r">2022-08-10 00:00:00</subfield>
    <subfield code="w">2012-11-29</subfield>
    <subfield code="y">CD</subfield>
    <subfield code="z">CD0381</subfield>
  </datafield>
</record>
